The book of mars (Record no. 3406)

MARC details
000 -LEADER
fixed length control field 00586nam a2200193Ia 4500
003 - CONTROL NUMBER IDENTIFIER
control field IN-BaIIA
008 - FIXED-LENGTH DATA ELEMENTS--GENERAL INFORMATION
fixed length control field 211028s9999 xx 000 0 eng d
040 ## - CATALOGING SOURCE
Transcribing agency IIA Library
080 ## - UNIVERSAL DECIMAL CLASSIFICATION NUMBER
Universal Decimal Classification number 523.43
Item number GLA
100 ## - MAIN ENTRY--PERSONAL NAME
Personal name Glasstone, Samuel
9 (RLIN) 6031
245 #4 - TITLE STATEMENT
Title The book of mars
Statement of responsibility, etc. Samuel Glasstone
260 ## - PUBLICATION, DISTRIBUTION, ETC.
Place of publication, distribution, etc. Washington
Name of publisher, distributor, etc. National Aeronautics and Space Administration
Date of publication, distribution, etc. 1968
300 ## - PHYSICAL DESCRIPTION
Extent vii, 315p.
490 ## - SERIES STATEMENT
Series statement NASA SP; 179
650 ## - SUBJECT ADDED ENTRY--TOPICAL TERM
Topical term or geographic name entry element Astronomy and astrophysics thesaurus
650 ## - SUBJECT ADDED ENTRY--TOPICAL TERM
Topical term or geographic name entry element Mars
9 (RLIN) 1378
650 ## - SUBJECT ADDED ENTRY--TOPICAL TERM
Topical term or geographic name entry element Planet Mars
9 (RLIN) 1263
942 ## - ADDED ENTRY ELEMENTS (KOHA)
Koha item type Books
Holdings
Withdrawn status Lost status Damaged status Not for loan Home library Current library Shelving location Date acquired Cost, normal purchase price Total Checkouts Full call number Barcode Date last seen Cost, replacement price Price effective from Koha item type Purchase Price
        IIA Library-Bangalore IIA Library-Bangalore General Stacks 20/03/1970 37.80   523.43/ GLA 3787 05/11/2021 37.80 20/03/1970 Books Rs. 37.80

Powered by Koha